Комунікації в менеджменті (Запис № 313538)

МАРК-запис
000 -Лідер
fixed length control field 00704nam a22002657a 4500
001 - Контрольний номер
control field 27196
003 - Ідентифікатор контрольного номера
control field UA-OsUOA
005 - Дата та час останнього входження (трансакції)
control field 20230504161218.0
007 - Фіксоване поле фізичного опису
fixed length control field ta
008 - Елементи даних фіксованої довжини – загальна інформація
fixed length control field 20040618b un ||||| |||| 00| 0 ukr d
020 ## - Міжнародний стандартний книжковий номер (ISBN)
Міжнародний стандартний книжковий номер (ISBN) (НП) 9668251059
040 ## - Джерело каталогізації
Агенція оригінальної каталогізації UA-OsUOA
Мова каталогізації rus
Агенція, яка здійснювала перезапис UA-OsUOA
Агенція, яка здійснювала модифікацію UA-OsUOA
041 ## - Код мови
Код мови тексту/ звукової доріжки чи окремого заголовка (П) rus
044 ## - Код країни видавця/ виробника
Код країни видавця/ виробника (П) RU
080 ## - Індекс Універсальної десяткової класифікації
Індекс Універсальної десяткової класифікації (УДК) (НП) 658:007
090 ## - Локальний шифр розміщення
Класифікаційний індекс УДК 658:007
Авторський знак (НП) О-72
100 ## - Основне введення – ім’я особи
Ім’я особи (НП) Осовська Г. В.
245 ## - Відомості про назву
Назва (НП) Комунікації в менеджменті
Решта назви (НП) навч. посіб.
260 ## - Публікація, розповсюдження і т.п. (Вихідні дані)
Місце публікації, розповсюдження і т.п. (П) Київ
Ім’я/ наймення видавництва, розповсюджувача і т.п. (П) Кондор
Дата публікації, розповсюдження і т.п. (П) 2003
300 ## - Фізичний опис
Обсяг 218 с.
650 #7 - Додаткове предметне введення – тематичний термін
Джерело заголовка чи терміна UDC
942 ## - Додаткові елементи входу (Коха)
Тип елемента Koha Книги
Source of classification or shelving scheme Universal Decimal Classification
955 ## - Код типу видання за змістом
Код типу видання за змістом (НП) інше
Фонди
Стан вилучень Стан втрат Джерело класифікації або схеми стелажів Стан уражень Не для кредиту Постійне місце розташування Поточне розміщення Дата придбання Вартість, звичайна ціна покупки Інвентарний номер Усього замовленно Повний номер виклику Штрих-код Дата останнього перегляду Ціна ефективна від Тип елемента Koha Джерело придбання
    Universal Decimal Classification     ЧЗ - Читальна зала ЧЗ - Читальна зала 18/06/2004 24.00 79703   658:007 О-72 79703 07/02/2022 18/06/2004 Книги  
    Universal Decimal Classification     ЧЗ - Читальна зала ЧЗ - Читальна зала 27/12/2005 24.00 89625   658:007 О-72 89625 07/02/2022 18/06/2004 Книги 155/2005
    Universal Decimal Classification     ЧЗ - Читальна зала ЧЗ - Читальна зала 27/12/2005 24.00 89626   658:007 О-72 89626 07/02/2022 18/06/2004 Книги 155/2005
    Universal Decimal Classification     ЧЗ - Читальна зала ЧЗ - Читальна зала 27/12/2005 24.00 89627   658:007 О-72 89627 07/02/2022 18/06/2004 Книги 155/2005
    Universal Decimal Classification     ЧЗ - Читальна зала ЧЗ - Читальна зала 08/08/2006 34.50 97641   658:007 О-72 97641 07/02/2022 18/06/2004 Книги 80/2006
    Universal Decimal Classification     ЧЗ - Читальна зала ЧЗ - Читальна зала 08/08/2006 34.50 97642   658:007 О-72 97642 07/02/2022 18/06/2004 Книги 80/2006
    Universal Decimal Classification     ЧЗ - Читальна зала ЧЗ - Читальна зала 08/08/2006 34.50 97643   658:007 О-72 97643 07/02/2022 18/06/2004 Книги 80/2006